000 00449nam a2200121Ia 4500
008 220615s9999||||xx |||||||||||||| ||und||
100 _aHajj, Nadya
245 0 _aNetworked Refugees
_bPalestinian Reciprocity and Remittances in the Digital Age
546 _aEnglish[eng]
650 _aCritical Refugee Studies||Middle Eastern Studies||Tech Studies
856 _uhttps://library.oapen.org/bitstream/20.500.12657/51418/1/9780520383258.pdf
942 _cEB
999 _c14010
_d14010